000 00373nam a22001457a 4500
003 MPLRDC
005 20220104193108.0
008 210129b ||||| |||| 00| 0 eng d
082 _aDISC
100 _a蒋志榆.ORGANIS RIVERS
245 _a单字王--1 DISC
_c
260 _a台湾
_b我识出版社有限公司
_c2013
650 _a英语词汇
942 _cCDA
_oDISC
999 _c65024
_d65014